000 00831cam a2200277 a 4500
001 1211854
003 ARRUPE
005 20160928103837.0
008 990211s1998 rh a 001 0beng
010 _a 98982705
020 _a1779031467
040 _aDLC
_cDLC
_dDLC
042 _alcode
043 _af-rh---
050 0 0 _aHD6871.Z55
_bN356 1998
100 1 _aNyathi, Pathisa,
_d1951-
_926321
245 1 0 _aMasotsha Ndlovu /
_cby Pathisa Nyathi.
260 _a Harare :
_bLongman
_c1998.
300 _av, 73 p. :
_bill. ;
_c21 cm.
440 0 _aIn search of freedom
_926322
500 _aIncludes index.
600 1 0 _aNdlovu, Masotsha,
_926323
906 _a7
_bcbc
_corigode
_d2
_encip
_f19
_gy-gencatlg
942 _2lcc
_cMONOGRAPH
999 _c125390
_d125390